|
|
|
|
| LEADER |
00000nab a2200000uu 4500 |
| 001 |
vtls011514834 |
| 003 |
SK-MaSNL |
| 005 |
20260303181046.0 |
| 008 |
230704|1962 xo |||||||||||||||||slo| |
| 015 |
|
|
|a SNBRB
|
| 035 |
|
|
|a (urnnbn)urn:nbn:sk:snk:ar-001gsf
|
| 035 |
|
|
|a (uuid)9f6161c0-d28f-4b88-afae-47b25fd68c94
|
| 035 |
|
|
|a urn:nbn:sk:snk-abe4m2
|
| 040 |
|
|
|a SNKBUCL
|b slo
|c SNKBUCL
|e AACR2
|
| 041 |
0 |
|
|a slo
|
| 044 |
|
|
|a xo
|c SK
|
| 100 |
1 |
|
|a Kret, Anton,
|d 1930-2019
|4 aut
|9 102081
|
| 245 |
1 |
0 |
|a Mnoho divadiel - málo hier
|c Anton Kret
|
| 773 |
0 |
|
|t Slovenské pohľady
|g Roč. 78, č. 4 (1962), s. 36-38
|
| 850 |
|
|
|a Slovenská národná knižnica
|
| 852 |
|
|
|a Slovenská národná knižnica
|
| 954 |
|
|
|a odborná, vedecká literatúra pôvodná (slovenská)
|2 lita
|
| 958 |
|
|
|a OND
|
| 958 |
|
|
|a EUIPO
|
| 958 |
|
|
|a article21
|
| 999 |
|
|
|c 2108813
|d 2110743
|